ბათუმის შოთა რუსთაველის სახელმწიფო უნივერსიტეტის ბიბლიოთეკა

თხზულებანი : 12 ტომად. ტ. 1 : (ბიბ.ჩანაწერი № 56584)

000 -ლიდერი
ფიქსირებული სიგრძის საკონტროლო ველი 01691nam a2200277Ia 4500
001 - საკონტროლო ნომერი
საკონტროლო ველი 23698
003 - საკონტროლო ნომრის იდენტიფიკატორი
საკონტროლო ველი GE_BSU
005 - ბოლო ოპერაციის თარიღი და დრო
საკონტროლო ველი 20260325165946.0
008 - ფიქსირებული სიგრძის მონაცემთა ელემენტები - ზოგადი ინფორმაცია
ფიქსირებული სიგრძის საკონტროლო ველი 181216s1979||||ge |||||||||||||| ||geo||
040 ## - კატალოგიზაციის წყარო
Transcribing agency GE_BSU
041 ## - ენის კოდი
Language code of text/sound track or separate title geo
080 ## - უნივერსალური ათობითი კლასიფიკაციის ინდექსი
Universal Decimal Classification number 930(479.22) + 94(479.22)(09) ჯ-14
100 ## - მთავარი ჩანაწერი - პიროვნების სახელი
Personal name ჯავახიშვილი, ი. (ივანე, 1876-1940)
9 (RLIN) 11800
245 ## - ცნობა სათაურის შესახებ
Title თხზულებანი : 12 ტომად. ტ. 1 :
Remainder of title ქართველი ერის ისტორია. წ. 1. უძველესი დროიდან ჩვ. წ. აღრ. VII ს-მდე /
Statement of responsibility, etc ი. ჯავახიშვილი ; რედ. დ. ჩხიკვიშვილი, ტომის რედ. ვ. გაბაშვილი ; საქ. სსრ მეცნ. აკადემია, თბილისის სახ. უნ-ტი.
264 ## - წარმოების, გამოცემის, დისტრიბუციის და სხვა ცნობები
გამოცემის, წარმოების, დისტრიბუციის... ადგილი თბილისი :
გამოცემის, წარმოების, დისტრიბუციის... სახელწოდება თბილ. უნ-ტის გამ-ბა,
გამოცემის, წარმოების, დისტრიბუციის... თარიღი 1979.
300 ## - ფიზიკური აღწერა
Extent 459 გვ. :
Other physical details პორტრ. ;
Dimensions 26 სმ.
500 ## - ზოგადი შენიშვნა
General note საძიებლები : გვ. 434-454
653 ## - INDEX TERM--UNCONTROLLED
Uncontrolled term თხზულებანი : 12 ტომად
653 ## - INDEX TERM--UNCONTROLLED
Uncontrolled term ტ. 1 : ქართველი ერის ისტორია
653 ## - INDEX TERM--UNCONTROLLED
Uncontrolled term უძველესი დროიდან ჩვ. წ. აღრ. VII ს-მდე
653 ## - INDEX TERM--UNCONTROLLED
Uncontrolled term ქართული ისტორიოგრაფია
700 ## - ADDED ENTRY--PERSONAL NAME
Personal name ჩხიკვიშვილი, დ.
Relator term მთავ. რედაქტორი
9 (RLIN) 27214
700 ## - ADDED ENTRY--PERSONAL NAME
Personal name გაბაშვილი, ვ.
Relator term ტომის რედაქტორი
9 (RLIN) 27215
942 ## - ADDED ENTRY ELEMENTS (KOHA)
Koha item type წიგნი
Source of classification or shelving scheme
ეგზემპლარები
ჩამოწერის სტატუსი დაკარგული ეგზემპლარის სტატუსი კლასიფიკაციის წყარო ან თაროზე გაწყობის სქემა დაზიანების სტატუსი არ გაიცემა მუდმივი მდებარეობა (დაცვის ადგილი) ამჟამინდელი ადგილსამყოფელი თაროზე განთავსების ადგილი შეძენის თარიღი ღირებულება, შესყიდვის ნორმალური ფასი სრული შენახვის შიფრი შტრიხკოდი ბოლო ოპერაციის თარიღი ეგზემპლარის მიმდევრობითი ნომერი (კეტერი?) ფასის ძალაში შესვლის თარიღი ეგზემპლარის სახეობა საჯარო შენიშვნა
          ბათუმის შოთა რუსთაველის სახელმწიფო უნივერსიტეტის მთავარი ბიბლიოთეკა ბათუმის შოთა რუსთაველის სახელმწიფო უნივერსიტეტის მთავარი ბიბლიოთეკა წიგნსაცავი 2018-12-17 3.90 930(479.22) + 94(479.22)(09) ჯ-14 28524 2018-12-17 28524 2018-12-17 წიგნი 3.90 ₾.